| 000 -LEADER |
| fixed length control field |
01304cam a2200325 a 4500 |
| 001 - CONTROL NUMBER |
| control field |
.b21744294 |
| 003 - CONTROL NUMBER IDENTIFIER |
| control field |
OCoLC |
| 005 - DATE AND TIME OF LATEST TRANSACTION |
| control field |
20230313092403.0 |
| 008 - FIXED-LENGTH DATA ELEMENTS--GENERAL INFORMATION |
| fixed length control field |
010912r20011999nyua c 000 1 eng d |
| 020 ## - INTERNATIONAL STANDARD BOOK NUMBER |
| International Standard Book Number |
9780439136365 (pbk.) |
| 040 ## - CATALOGING SOURCE |
| Original cataloging agency |
GZD |
| Transcribing agency |
GZD |
| Modifying agency |
LHA |
| -- |
OCLCQ |
| -- |
BAKER |
| -- |
NTU |
| -- |
KH8 |
| 043 ## - GEOGRAPHIC AREA CODE |
| Geographic area code |
e-uk-en |
| 049 ## - LOCAL HOLDINGS (OCLC) |
| Holding library |
NTUA |
| 082 #4 - DEWEY DECIMAL CLASSIFICATION NUMBER |
| Classification number |
823.92 ROW |
| 100 1# - MAIN ENTRY--PERSONAL NAME |
| Personal name |
Rowling, J. K. |
| Relator term |
author |
| 245 10 - TITLE STATEMENT |
| Title |
Harry Potter and the prisoner of Azkaban / |
| Statement of responsibility, etc. |
by J.K. Rowling ; illustrations by Mary GrandPré. |
| 260 ## - PUBLICATION, DISTRIBUTION, ETC. |
| Place of publication, distribution, etc. |
New York : |
| Name of publisher, distributor, etc. |
Scholastic Inc., |
| Date of publication, distribution, etc. |
2001, c1999. |
| 300 ## - PHYSICAL DESCRIPTION |
| Extent |
ix, 435 p. : |
| Other physical details |
ill. ; |
| Dimensions |
20 cm. |
| 500 ## - GENERAL NOTE |
| General note |
"First Scholastic trade paperback printing, September 2001"--T.p. verso. |
| 500 ## - GENERAL NOTE |
| General note |
"Year 3"--Spine. |
| 500 ## - GENERAL NOTE |
| General note |
Sequel to: Harry Potter and the Chamber of Secrets. |
| 520 ## - SUMMARY, ETC. |
| Summary, etc. |
During his third year at Hogwarts School for Witchcraft and Wizardry, Harry Potter must confront the devious and dangerous wizard responsible for his parents' deaths. |
| 650 #0 - SUBJECT ADDED ENTRY--TOPICAL TERM |
| Topical term or geographic name entry element |
Magic |
| Form subdivision |
Juvenile fiction. |
| 650 #0 - SUBJECT ADDED ENTRY--TOPICAL TERM |
| Topical term or geographic name entry element |
Hogwarts School of Witchcraft and Wizardry (Imaginary place) |
| Form subdivision |
Juvenile fiction. |
| 650 #0 - SUBJECT ADDED ENTRY--TOPICAL TERM |
| Topical term or geographic name entry element |
Schools |
| Form subdivision |
Juvenile fiction. |
| 650 #0 - SUBJECT ADDED ENTRY--TOPICAL TERM |
| Topical term or geographic name entry element |
Wizards |
| Form subdivision |
Juvenile fiction. |
| 651 #0 - SUBJECT ADDED ENTRY--GEOGRAPHIC NAME |
| Geographic name |
England |
| Form subdivision |
Juvenile fiction. |
| 700 1# - ADDED ENTRY--PERSONAL NAME |
| Personal name |
GrandPré, Mary. |
| Relator term |
illustrator |
| 942 ## - ADDED ENTRY ELEMENTS (KOHA) |
| Source of classification or shelving scheme |
|
| Koha item type |
Books - Non Ficton |